[Event "Politiken Cup 2012"]
[Site "Helsingor DEN"]
[Date "2012.07.31"]
[Round "5.8"]
[White "Burmakin,V"]
[Black "Svane,R"]
[Result "0-1"]
[WhiteElo "2590"]
[BlackElo "2367"]

1.Nf3 d5 2.g3 Nf6 3.Bg2 c6 4.O-O Bg4 5.b3 Nbd7 6.Bb2 e6 7.d3 Bd6 8.h3 Bxf3
9.Bxf3 O-O 10.c4 dxc4 11.dxc4 Qe7 12.Qc2 e5 13.Bg2 Rad8 14.a3 Rfe8 15.b4 e4
16.c5 Bb8 17.Nc3 h5 18.h4 e3 19.f4 Nf8 20.Rad1 Rxd1 21.Rxd1 Bxf4 22.gxf4 Ng4
23.Ne4 Qxh4 24.f5 Rxe4 25.Qxe4 Qf2+ 26.Kh1 Qh4+ 27.Kg1 Qf2+ 28.Kh1 Qxe2 29.Qd4 Qxd1+
30.Qxd1 Nf2+ 31.Kg1 Nxd1 32.Bc1 e2 33.Bd2 Ne3 34.Be4 Nc4 35.Be1 Nxa3 36.Kf2 Nb5
37.Kxe2 Nd7 38.Ke3 Nf6 39.Bd3 Kf8 40.Kf4 Nd5+ 41.Ke5 a6 42.Bf1 Ke7 43.Bh3 Na3
44.Ke4 Nc2 45.Bf2 Ndxb4 46.f6+ gxf6 47.Bc8 a5 48.Bh4 a4  0-1

[Event "99th ch-GBR 2012"]
[Site "North Shields ENG"]
[Date "2012.07.31"]
[Round "8.4"]
[White "Rudd,J"]
[Black "Gormally,D"]
[Result "0-1"]
[WhiteElo "2295"]
[BlackElo "2505"]

1.Nf3 d5 2.g3 c6 3.Bg2 Bg4 4.O-O Nd7 5.c4 Bxf3 6.exf3 dxc4 7.Qc2 Nb6 8.a4 a5
9.Re1 Qd3 10.Qd1 e6 11.Nc3 Bb4 12.Bf1 Qd7 13.Re4 Nf6 14.Rh4 Rd8 15.Qc2 O-O
16.g4 Qd4 17.f4 Bc5 18.Nd1 Qe4 19.Qc3 Qe1 20.d4 Qxd1 21.dxc5 Nbd5 22.Qh3 g6
23.Kg2 Qxc1  0-1

[Event "Chess House IM 2012"]
[Site "Aarhus DEN"]
[Date "2012.07.5"]
[Round "4.3"]
[White "Pedersen,NicV"]
[Black "Skytte,R"]
[Result "1/2-1/2"]
[WhiteElo "2453"]
[BlackElo "2401"]

1.Nf3 d5 2.g3 c6 3.Bg2 Bg4 4.d3 Nd7 5.O-O e6 6.c4 Bxf3 7.Bxf3 dxc4 8.dxc4 Ne5
9.Nd2 Nxf3+ 10.Nxf3 Nf6 11.Be3 Qxd1 12.Rfxd1 Be7 13.Rd3 O-O 14.Rb3 b6 15.a4 Ng4
16.Bd4 c5 17.Bc3 f6 18.a5 Bd8 19.axb6 Bxb6 20.Ba5 Rab8 21.Rb5 Rfc8 22.Bxb6 axb6
23.Ra6 Rc6 24.Ra7 e5 25.h3 Nh6 26.e4 Nf7 27.Rb3 Rd8 28.Rba3 Nd6 29.Rd3 Rcc8
30.Nd2 Nb5 31.Rxd8+  1/2-1/2

[Event "Politiken Cup 2012"]
[Site "Helsingor DEN"]
[Date "2012.08.01"]
[Round "6.5"]
[White "Tari,A"]
[Black "Blomqvist,E"]
[Result "0-1"]
[WhiteElo "2256"]
[BlackElo "2457"]

1.Nf3 d5 2.g3 Nf6 3.Bg2 e6 4.O-O Be7 5.c4 O-O 6.d4 dxc4 7.Qc2 b5 8.a4 b4
9.Qxc4 Ba6 10.Qc2 Nbd7 11.Rd1 Rc8 12.Ne5 c5 13.Nc6 cxd4 14.Rxd4 Qe8 15.Qd1 Bc5
16.Rd2 Bxf2+ 17.Kxf2 Ng4+ 18.Kg1 Ne3 19.Qb3 Nxg2 20.Kxg2 Rxc6 21.Rc2 Qc8  0-1

[Event "Politiken Cup 2012"]
[Site "Helsingor DEN"]
[Date "2012.08.01"]
[Round "6.2"]
[White "Markus,Rob"]
[Black "Malakhov,V"]
[Result "1/2-1/2"]
[WhiteElo "2599"]
[BlackElo "2712"]

1.Nf3 d5 2.g3 c6 3.Bg2 Bg4 4.d3 Nd7 5.O-O e6 6.Qe1 Bd6 7.e4 Ne7 8.Nfd2 Qc7
9.Nc3 O-O 10.f4 f6 11.Nb3 Rae8 12.a4 a6 13.Be3 e5 14.fxe5 Nxe5 15.Qd2 Be6
16.Nd4 Bf7 17.exd5 cxd5 18.Kh1 Qd7 19.Nce2 N5c6 20.c3 Bc7 21.b4 Nxd4 22.Nxd4 Ng6
23.a5 Ne5 24.Nb3 Rd8 25.Nc5 Qb5 26.Rae1 Bd6 27.d4 Nc4 28.Qf2 Rfe8 29.Bf4 Bf8
30.g4 Rxe1 31.Rxe1 h6 32.h3 Qc6 33.Bg3 Bxc5 34.dxc5 Re8 35.Rxe8+ Qxe8 36.Qe1 Qa4
37.Bf2 Ne5 38.Bd4 Nc6 39.Qd2 Qb3 40.Bf2 Ne5 41.Bd4 Nc6 42.Bf2 Ne5 43.Bd4 Nc6
44.Bf2  1/2-1/2

[Event "Washington International 2012"]
[Site "Rockville USA"]
[Date "2012.08.01"]
[Round "9"]
[White "Foisor,O"]
[Black "Mulyar,M"]
[Result "1/2-1/2"]
[WhiteElo "2381"]
[BlackElo "2386"]

1.Nf3 d5 2.g3 Nf6 3.Bg2 c6 4.d3 Bg4 5.Nbd2 Nbd7 6.h3 Bh5 7.O-O e5 8.e4 Bd6
9.exd5 cxd5 10.c4 d4 11.Qe2 O-O 12.g4 Bg6 13.Nh4 Nc5 14.Nxg6 hxg6 15.Nb3 Nxb3
16.axb3 Qb6 17.h4  1/2-1/2

[Event "Politiken Cup 2012"]
[Site "Helsingor DEN"]
[Date "2012.08.02"]
[Round "7.49"]
[White "Stray,G"]
[Black "Grand,H"]
[Result "0-1"]
[WhiteElo "2035"]
[BlackElo "2144"]

1.Nf3 d5 2.g3 c6 3.Bg2 Nf6 4.O-O g6 5.b3 Bg7 6.Bb2 O-O 7.d3 Bg4 8.Nbd2 Nbd7
9.c4 Re8 10.d4 a5 11.h3 Bxf3 12.Nxf3 e6 13.e3 a4 14.Qc2 Bf8 15.Ne5 Nxe5 16.dxe5 Nd7
17.Rfd1 a3 18.Bc3 Qc7 19.f4 b5 20.Rac1 Qb6 21.Kh2 Qb7 22.e4 dxc4 23.bxc4 b4
24.Ba1 c5 25.Rd6 Bxd6 26.exd6 e5 27.Rd1 f6 28.Rd5 Qc6 29.h4 Rad8 30.Qf2 Re6
31.Bh3 Rxd6 32.Bxd7 R6xd7 33.fxe5 fxe5 34.Bxe5 Rf8 35.Qe3 Rxd5 36.cxd5 Qb5
37.Bd6 Rc8 38.e5 c4 39.Qf3 Qa4 40.e6 Qc2+ 41.Kg1 Qf5 42.Qxf5 gxf5 43.Bxb4 c3
44.Bxa3 c2 45.d6 Kg7 46.e7 Kf7  0-1

[Event "Politiken Cup 2012"]
[Site "Helsingor DEN"]
[Date "2012.08.02"]
[Round "7.5"]
[White "Danielsen,Hen"]
[Black "Romanov,E"]
[Result "1/2-1/2"]
[WhiteElo "2511"]
[BlackElo "2623"]

1.Nf3 d5 2.g3 Bg4 3.Bg2 Nd7 4.c4 e6 5.cxd5 exd5 6.Nc3 Ngf6 7.d3 c6 8.O-O Bc5
9.Qb3 Bb6 10.Na4 O-O 11.Nxb6 axb6 12.Qc2 Re8 13.b3 c5 14.e3 Nb8 15.Bb2 Nc6
16.a3 h6 17.b4 Rc8 18.Rfc1 d4 19.b5 Na5 20.exd4 Be6 21.Nd2 Bd5 22.Bxd5 Qxd5
23.dxc5 Rxc5 24.Nc4 Nd7 25.a4 Rec8 26.Qd1 Nxc4 27.dxc4 Qe6 28.Qf3 Rxc4 29.Qxb7 Rxc1+
30.Rxc1 Nc5 31.Qf3 Nxa4 32.Rxc8+ Qxc8 33.Qc6 Qd8 34.Be5 Qd1+ 35.Kg2 f6 36.Qc4+ Kh7
37.Bd4 Kh8 38.h3 Kh7 39.g4 Kh8 40.Be3 Kh7 41.Qe4+ Kh8 42.Qc4 Kh7 43.h4 Kh8
44.h5 Qa1 45.Bd4 Qd1 46.Qc8+ Kh7 47.Qf5+ Kh8 48.Qe4 Qb3 49.Qe8+ Kh7 50.Qd7 Kg8
51.f3 Qc4 52.Kg3 Nc3 53.Bxc3 Qxc3 54.Qe6+ Kh7 55.Qxb6 Qe1+ 56.Kg2  1/2-1/2

[Event "Politiken Cup 2012"]
[Site "Helsingor DEN"]
[Date "2012.08.02"]
[Round "7.123"]
[White "Wimo,J"]
[Black "Kyrkjebo, Marte B"]
[Result "0-1"]
[WhiteElo "1776"]
[BlackElo "1632"]

1.Nf3 d5 2.g3 Nf6 3.Bg2 c6 4.O-O Bg4 5.d3 Nbd7 6.c4 e6 7.b3 Be7 8.Bb2 O-O
9.Nbd2 a5 10.Qc2 a4 11.bxa4 Nb6 12.h3 Bxf3 13.Bxf3 Nxa4 14.Bd4 Qd6 15.Qb3 Nc5
16.Bxc5 Qxc5 17.Rfc1 Qb4 18.Qc2 Ra7 19.Rcb1 Qa5 20.Nb3 Qa3 21.c5 Nd7 22.d4 Rd8
23.e4 dxe4 24.Qxe4 Nf6 25.Qc2 Nd5 26.Bxd5 Rxd5 27.Qb2 Bf6 28.Qxa3 Rxa3 29.Rd1 Ra4
30.Rd2 Bxd4 31.Nxd4 Rdxd4 32.Rb2 Rab4 33.Re2 Rbc4 34.Rb1 Rd7 35.Reb2 Rxc5
36.Rb6 Kf8 37.a4 Ra5 38.R1b4 Ra7 39.Kg2 Ke7 40.Kf3 Kd6 41.Ke4 Kc7 42.f4 c5
43.Rb2 Rxa4+ 44.Kf3 Ra3+ 45.Kg4 Ra7 46.R6b5 Rd5 47.Rf2 c4 48.Rc2  0-1

[Event "99th ch-GBR 2012"]
[Site "North Shields ENG"]
[Date "2012.08.02"]
[Round "10.4"]
[White "Hawkins,Jo"]
[Black "Houska,Jo"]
[Result "1-0"]
[WhiteElo "2499"]
[BlackElo "2406"]

1.Nf3 d5 2.g3 Nf6 3.Bg2 c6 4.O-O Bg4 5.d3 Nbd7 6.Nbd2 e6 7.e4 Qc7 8.h3 Bh5
9.Qe2 dxe4 10.dxe4 Bg6 11.Nh4 Bc5 12.Nxg6 hxg6 13.Nb3 Bb6 14.Bf4 e5 15.Bg5 Nc5
16.Nxc5 Bxc5 17.a4 a5 18.Qc4 Qb6 19.Rad1 O-O 20.c3 Rad8 21.Rb1 Rd7 22.h4 Nh7
23.Bc1 Rfd8 24.Bf3 Nf6 25.Bg5 Rd6 26.Kg2 R8d7 27.b3 Qa7 28.Rb2 Nh7 29.Bg4 Rc7
30.f4 Nxg5 31.hxg5 Ba3 32.fxe5 b5 33.axb5 cxb5 34.Qxb5 Rd8 35.Ra2 Rxc3 36.e6 Qc7
37.exf7+ Kf8 38.Kh1 Rc2 39.Rxc2 Qxc2 40.e5 Bb4 41.Qb6 Qd3 42.Be2 Qe4+ 43.Bf3 Qd3
44.Kg2 Rc8 45.Rd1 Qc2+ 46.Kh3 Be7 47.e6 Qf5+ 48.Bg4 Qxg5 49.Qb7 Qc5 50.Rd7 Rd8
51.Rxd8+ Bxd8 52.Qd7 Qe7 53.Qc6 Bc7 54.Be2 g5 55.Bb5 g4+ 56.Kg2 g5 57.Qe8+  1-0

[Event "Politiken Cup 2012"]
[Site "Helsingor DEN"]
[Date "2012.08.03"]
[Round "8.6"]
[White "Romanov,E"]
[Black "Rasmussen,A"]
[Result "1/2-1/2"]
[WhiteElo "2623"]
[BlackElo "2496"]

1.Nf3 d5 2.g3 c6 3.Bg2 Bf5 4.O-O e6 5.d3 h6 6.Nfd2 Nf6 7.e4 Bh7 8.Qe2 Be7
9.Nc3 a5 10.f4 Na6 11.e5 Nd7 12.Nf3 b5 13.g4 Qb6+ 14.Be3 c5 15.Nd1 Nc7 16.Nf2 a4
17.Nh1 Rc8 18.Ng3 d4 19.Bf2 Nd5 20.Qd2 a3 21.b3 Qb8 22.h4 g5 23.hxg5 hxg5
24.Nxg5 Bxg5 25.Bxd5 Qxe5 26.fxg5 Qxd5 27.Be1 Bg6 28.Qf4 Rh3 29.Bd2 Ke7 30.Rae1 Rch8
31.Re2 R8h4 32.Rg2 Qe5 33.Qf3 Qc7 34.Bf4 Qc8 35.Re2 b4 36.Rfe1 Kf8 37.Bd6+ Kg8
38.Rf1 Nb6 39.Bf4 Nd5 40.Bd2 Qc7 41.Rg2 Qd7 42.Re1 Kf8 43.Bf4 Ke8 44.Ree2 Qc6
45.Bd2 Kd7 46.Re5 Kc7 47.Re1 Kb6 48.Re5 Kc7 49.Re1 Kb7 50.Re5 Kb6 51.Re1 Qc7
52.Rf1 Qe5 53.Re1 Qh8 54.Rf1 Rh2 55.Rxh2 Rxh2 56.Rf2 Rh4 57.Qe2 Qb8 58.Nf1 Kc6
59.Rg2 Qh8 60.Nh2 Kb6 61.Rg3 Rh3 62.Qg2 Rxg3 63.Qxg3 Qd8 64.Nf3 Qc7 65.Ne5 Kb5
66.Kf2 Qb8 67.Qh2 Ka6 68.Bf4 Qb7 69.Nc4 Qc8 70.Bb8 Qd8 71.Bf4 Qc8 72.Bd2 Qd8
73.Qe5 Qc7 74.Qh8 Kb7 75.Kg2 Qb8 76.Qg7 Ka6 77.Ne5 Qe8 78.Kf2 Ne7 79.Qf6 Nd5
80.Qg7 Ne7 81.Qf6 Nd5  1/2-1/2

[Event "22nd Pobla De Lillet Open"]
[Site "La Pobla de Lillet ESP"]
[Date "2012.08.04"]
[Round "4.1"]
[White "Valdes,Le"]
[Black "Peralta,Fe"]
[Result "1/2-1/2"]
[WhiteElo "2366"]
[BlackElo "2606"]

1.Nf3 d5 2.g3 Nf6 3.Bg2 Bf5 4.d4 e6 5.c4 c6 6.Nc3 Nbd7 7.Qb3 Qb6 8.c5 Qc7
9.Bf4 Qc8 10.Nh4 Bg6 11.Nxg6 hxg6 12.h4 Be7 13.Rc1 O-O 14.Qc2 b6 15.cxb6 axb6
16.e4 dxe4 17.a3 Nd5 18.Qxe4 N7f6 19.Nxd5 exd5 20.Qc2 Qe6+ 21.Kf1 c5 22.Re1 Qd7
23.Be5 Rfe8 24.Bf3 cxd4  1/2-1/2

[Event "62nd ch-RUS w"]
[Site "Moscow RUS"]
[Date "2012.08.04"]
[Round "2"]
[White "Kovanova,B"]
[Black "Girya,O"]
[Result "0-1"]
[WhiteElo "2408"]
[BlackElo "2433"]

1.Nf3 d5 2.g3 c6 3.Bg2 Bg4 4.d3 Nd7 5.Nbd2 Ngf6 6.h3 Bh5 7.O-O e5 8.e4 dxe4
9.dxe4 Bc5 10.Qe1 Bxf3 11.Nxf3 O-O 12.Nh4 Re8 13.Nf5 a5 14.c3 a4 15.Qe2 Qc7
16.Bg5 h6 17.Bd2 b5 18.Qf3 Bf8 19.g4 Re6 20.h4 Nc5 21.Ng3 Rd8 22.Be3 Nd3
23.Bh3 Nf4 24.Bxf4 exf4 25.g5 fxg3 26.Bxe6 hxg5 27.hxg5 Ne8 28.Bg4 Bc5 29.Rad1 gxf2+
30.Kg2 g6 31.b4 axb3 32.axb3 Qe7 33.Rxd8 Qxd8 34.Qf4 Qe7 35.b4 Bb6 36.Rh1 Bc7
37.Qe3 Nd6 38.Bf3 Nc4 39.Qc5 Bd6 40.Qxc6 Qxg5+ 41.Kxf2 Qd2+ 42.Be2 Qe3+ 43.Kf1 Qf4+  0-1

[Event "Olomouc Summer Open"]
[Site "Olomouc CZE"]
[Date "2012.08.04"]
[Round "3.14"]
[White "Jakl,A"]
[Black "Piankov,E"]
[Result "0-1"]
[WhiteElo "2048"]
[BlackElo "2338"]

1.Nf3 d5 2.g3 g6 3.Bg2 Bg7 4.d3 e5 5.O-O Ne7 6.Nbd2 O-O 7.e4 d4 8.a4 c5 9.Nc4 Nbc6
10.b3 b6 11.h3 a6 12.Nh4 Rb8 13.f4 f6 14.Nf3 b5 15.Nb2 Be6 16.g4 exf4 17.Bxf4 Ne5
18.Bxe5 fxe5 19.Ng5 Qd7 20.Qe2 Bh6 21.Nxe6 Qxe6 22.Rxf8+ Rxf8 23.Rf1 Bf4
24.Kh1 g5 25.Qd1 Ng6 26.Qa1 Qb6 27.Qe1 Nh4 28.Qf2 Kg7 29.Qe2 Qa5 30.axb5 axb5
31.Nd1 Ra8 32.Bf3 Qb4 33.Kg1 Ra2 34.Rf2 Qa3 35.Bh1 Qc1 36.Kf1 Ra1 37.Rxf4 Qxf4+  0-1

[Event "Olomouc IM Prima Pack"]
[Site "Olomouc CZE"]
[Date "2012.08.04"]
[Round "4.1"]
[White "Ptacnikova,L"]
[Black "Saduakassova,D"]
[Result "0-1"]
[WhiteElo "2281"]
[BlackElo "2216"]

1.Nf3 d5 2.g3 c6 3.Bg2 Bg4 4.d4 Nd7 5.O-O Ngf6 6.Nbd2 e6 7.c3 Be7 8.Re1 O-O
9.e4 h6 10.h3 Bh5 11.Qb3 Qb6 12.exd5 cxd5 13.Qxb6 axb6 14.Ne5 Nxe5 15.dxe5 Nd7
16.c4 Nc5 17.cxd5 exd5 18.e6 fxe6 19.b4 Nd3 20.Rxe6 Bxb4 21.Nb3 Bc3 22.Rb1 d4
23.Rd6 Rfd8 24.Rxd8+ Rxd8 25.Bd2 Nc5 26.Bf4 Bg6 27.Rc1 Nd3 28.Rd1 Nxf4 29.gxf4 d3
30.Nd2 Bxd2 31.Rxd2 Rc8 32.Bf1 Rc2 33.Rd1 d2 34.f3 Bf7 35.Kf2 Rxa2 36.Ke3 Bb3
37.Rxd2 Rxd2 38.Kxd2 Kf7 39.Ke3 Kg6 40.Bd3+ Kh5 41.Be4 Kh4 42.f5 Kxh3 43.Kf4 b5
44.Bxb7 b4 45.Bc8 Kg2 46.Kg4 Bc2 47.Bd7 b3 48.Ba4 Kf2 49.f6 gxf6 50.Kh5 Kxf3
51.Kxh6 f5 52.Kg5 f4 53.Kh4 Ke3  0-1

[Event "Politiken Cup 2012"]
[Site "Helsingor DEN"]
[Date "2012.08.05"]
[Round "10.14"]
[White "Petersen,To1"]
[Black "Kramer,Julian"]
[Result "0-1"]
[WhiteElo "2360"]
[BlackElo "2048"]

1.Nf3 d5 2.g3 Nf6 3.Bg2 c6 4.O-O Bf5 5.d3 e6 6.Nbd2 h6 7.Qe1 Bh7 8.e4 Be7
9.Qe2 O-O 10.b3 c5 11.Bb2 d4 12.a4 Nc6 13.Nc4 Nd7 14.Bc1 a6 15.a5 b5 16.axb6 Nxb6
17.Nxb6 Qxb6 18.Nd2 e5 19.Nc4 Qb5 20.Bd2 Ra7 21.Ra4 Re8 22.Bh3 Bf8 23.f4 exf4
24.gxf4 f5 25.e5 Nd8 26.Bg2 Bg6 27.Ra5 Qb8 28.Rfa1 Qc8 29.Nb6 Qc7 30.Rxa6 Rxa6
31.Rxa6 Kh7 32.Nc4 Re6 33.Ra8 Re8 34.Ba5 Qd7 35.Bxd8 Rxd8 36.e6 Qc7 37.Qe5 Qxe5
38.fxe5 Rxa8 39.Bxa8 Be7 40.Nb6 Kg8 41.Kg2 Bh5 42.Bf3 Be8 43.Nd5 Kf8 44.Nf4 g5
45.Ne2 Bg6 46.b4 cxb4 47.Nxd4 g4 48.Bd5 f4 49.h3 h5 50.hxg4 hxg4 51.Nc6 Ke8
52.Nd4 Kf8 53.Nc6 Ke8 54.Nd4 Bh4 55.Bc6+ Ke7 56.Bd7 f3+ 57.Nxf3 gxf3+ 58.Kxf3 Bh5+
59.Ke3 Bg5+ 60.Kd4 Bd1 61.Kc4 Bd2 62.Kb3 Bg4 63.Bc8 Bxe6+ 64.Bxe6 Kxe6 65.d4 Kd5
66.Ka4 Kc4 67.e6 Bg5 68.d5 Be7 69.Ka5 Kxd5 70.Kb5 Kd4 71.Kc6 Kc3 72.Kd7 Bh4  0-1

[Event "113th US Open 2012"]
[Site "Vancouver USA"]
[Date "2012.08.05"]
[Round "2"]
[White "Schmakel,Sam A"]
[Black "Shetty,A"]
[Result "0-1"]
[WhiteElo "2127"]
[BlackElo "2267"]

1.Nf3 d5 2.g3 Nf6 3.Bg2 c5 4.O-O Nc6 5.d4 e6 6.c4 dxc4 7.Qa4 cxd4 8.Nxd4 Qxd4
9.Bxc6+ Bd7 10.Rd1 Bxc6 11.Qxc6+ bxc6 12.Rxd4 Rd8 13.Rxd8+ Kxd8 14.Nd2 c3
15.bxc3 Nd5 16.Nc4 f6 17.Bd2 Kc7 18.Nb2 c5 19.c4 Nb6 20.Ba5 Bd6 21.Rd1 Kc6
22.f4 Rb8 23.Bxb6 axb6 24.Na4 g5 25.e3 b5 26.cxb5+ Rxb5 27.Rd2 Bc7 28.Kf2 Ba5
29.Rc2 Kd5 30.Nb2 gxf4 31.gxf4 e5 32.fxe5 fxe5 33.Nc4 Bc7 34.e4+ Kxe4 35.Ne3 Kd3
36.a4 Rb8 37.Rxc5 Bb6 38.Rxe5 Rf8+ 39.Kg2 Bxe3 40.a5 Rf6 41.Rh5 h6 42.Rd5+ Ke2
43.Rb5 Rg6+ 44.Kh3 Kf3 45.Rf5+ Bf4 46.Rb5 Rg5 47.Rb3+ Be3 48.Kh4 Rxa5 49.Rb7 Bf2+  0-1

[Event "21st Metro GM"]
[Site "Los Angeles USA"]
[Date "2012.08.06"]
[Round "7"]
[White "Khachiyan,M"]
[Black "Altounian,L"]
[Result "1/2-1/2"]
[WhiteElo "2478"]
[BlackElo "2431"]

1.Nf3 d5 2.g3 c6 3.Bg2 Nf6 4.O-O Bg4 5.c4 e6 6.Qb3 Qb6 7.d4 Nbd7 8.c5 Qa6
9.Nc3 b6 10.cxb6 axb6 11.h3 Bxf3 12.Bxf3 b5 13.e4 dxe4 14.Nxe4 Nxe4 15.Bxe4 Nf6
16.Bf3 Be7 17.Bd2 O-O 18.a3  1/2-1/2

[Event "Open ch-MKD 2012"]
[Site "Struga MKD"]
[Date "2012.08.06"]
[Round "3.4"]
[White "Bogdanovski,V"]
[Black "Kacakovski,D"]
[Result "1-0"]
[WhiteElo "2448"]
[BlackElo "2149"]

1.Nf3 d5 2.g3 c5 3.Bg2 Nf6 4.O-O Nc6 5.d4 e6 6.c4 Be7 7.dxc5 Bxc5 8.a3 Ne4
9.b4 Be7 10.Bb2 Bf6 11.Qc2 Bxb2 12.Qxb2 Qf6 13.Qxf6 Nxf6 14.Nc3 dxc4 15.Nd2 Ke7
16.Nxc4 Rd8 17.Bxc6 bxc6 18.Na5 Rd6 19.Rac1 Ba6 20.Rc2 Rc8 21.Rfc1 Rc7 22.f3 Ke8
23.Kf2 e5 24.Nb3 Nd7 25.Ne4 Rg6 26.Nec5 Nxc5 27.Rxc5 Re7 28.Rxc6 Rxc6 29.Rxc6 Bb7
30.Rc3 f5 31.Nc5 Bd5 32.a4 f4 33.gxf4 exf4 34.h4 Rf7 35.Nd3 Kd8 36.Rc5 Bb3
37.a5 Rf6 38.Rg5 g6 39.Rg4 Rf5 40.Rxf4 Rxf4 41.Nxf4 Kd7 42.Ke3 Kc6 43.Kd4 Kb5
44.Kc3 Ka4 45.Nd3  1-0

[Event "Canadian Closed 2012"]
[Site "Montreal CAN"]
[Date "2012.08.07"]
[Round "5.9"]
[White "Filipovich,D"]
[Black "Milicevic,G"]
[Result "0-1"]
[WhiteElo "2091"]
[BlackElo "2287"]

1.Nf3 d5 2.g3 Nf6 3.Bg2 c5 4.c4 d4 5.b4 a5 6.bxc5 Nc6 7.Bb2 e5 8.O-O Bxc5
9.e3 O-O 10.exd4 exd4 11.d3 Qb6 12.Ba3 a4 13.Re1 Bg4 14.Qc1 Nb4 15.Bxb4 Bxb4
16.Nbd2 Rfe8 17.Rb1 Qa5 18.Rxe8+ Rxe8 19.a3 Bc3 20.Rxb7 h5 21.Qb1 g6 22.Nh4 Qc5
23.Ne4 Nxe4 24.Bxe4 Qxa3 25.Qb5 Rxe4 26.dxe4 d3 27.Qd5 Be6 28.Qxd3 Qc1+ 29.Kg2 a3
30.Rb3 Bb2 31.e5 Kg7 32.Qf3 Qxc4 33.Qf6+ Kh6 34.Nf3 Qxb3  0-1

[Event "ch-POR 2012"]
[Site "Pampilhosa da Serra POR"]
[Date "2012.08.07"]
[Round "4.4"]
[White "Guerreiro,N"]
[Black "Rocha,S"]
[Result "1-0"]
[WhiteElo "2068"]
[BlackElo "2404"]

1.Nf3 d5 2.g3 c6 3.Bg2 Bg4 4.O-O Nd7 5.d3 e6 6.Nbd2 Bc5 7.b3 Ne7 8.Bb2 O-O
9.c4 a5 10.Qc2 Bh5 11.Qc3 f6 12.a3 Bb6 13.b4 e5 14.e3 Bf7 15.g4 Ng6 16.Rfc1 Re8
17.h3 Ndf8 18.Nb3 a4 19.Nc5 Bxc5 20.bxc5 dxc4 21.d4 exd4 22.Nxd4 Nh4 23.Bf1 Qd5
24.Qxc4 Qg5 25.Qc2 h5 26.f4 Qh6 27.Qf2 hxg4 28.hxg4 Rad8 29.Qg3 Ne6 30.Rc2 Nxd4
31.Bxd4 Qg6 32.Rh2 Nf5 33.Qh3 Bd5 34.Bd3 Be4 35.Bxe4 Rxe4 36.Qh8+ Kf7 37.Qxd8 Qxg4+
38.Rg2 Qh3 39.Rb1 Rxd4 40.Rxb7+ Ke6 41.Qg8+  1-0

[Event "16th Izmailov Mem"]
[Site "Tomsk RUS"]
[Date "2012.08.07"]
[Round "1.19"]
[White "Timofeeva,Ekaterina"]
[Black "Terchanyan,Zograb"]
[Result "1-0"]
[WhiteElo "2315"]
[BlackElo "1903"]

1.Nf3 d5 2.g3 c5 3.Bg2 Nc6 4.d4 cxd4 5.Nxd4 e5 6.Nxc6 bxc6 7.O-O Nf6 8.c4 Bb7
9.Qa4 Bc5 10.cxd5 Nxd5 11.Rd1 O-O 12.Nc3 Qf6 13.Ne4 Qe7 14.Bg5 f6 15.Nxc5 Qxc5
16.Rac1 Qb6 17.Bd2 a5 18.e4 Ne7 19.Be3 Qc7 20.Qb3+ Kh8 21.Bb6 Qc8 22.Bc5 Re8
23.Qf7 Ba6 24.Rd2 Rb8 25.Rcd1 Rb7 26.Bh3 f5 27.Qh5 g6 28.Qg5 Qe6 29.Rd6 Qxa2
30.Qf6+ Kg8 31.Rd8 Qf7 32.Qxe5 Be2 33.R1d2 Bg4 34.Bf1 Rf8 35.Bd4  1-0

[Event "22nd Pobla De Lillet Open"]
[Site "La Pobla de Lillet ESP"]
[Date "2012.08.08"]
[Round "8.2"]
[White "Movsziszian,K"]
[Black "Ramiro Ovejero,J"]
[Result "1-0"]
[WhiteElo "2469"]
[BlackElo "2349"]

1.Nf3 d5 2.g3 Nc6 3.d4 Bg4 4.Nbd2 e6 5.Bg2 Bd6 6.O-O Nf6 7.c4 O-O 8.b3 Ne4
9.Bb2 f5 10.a3 a5 11.Qc2 Nb8 12.e3 c6 13.c5 Bc7 14.b4 Nd7 15.Ne5 Nxe5 16.dxe5 Be2
17.Rfb1 Nxd2 18.Qxd2 Bc4 19.f4 Qd7 20.Bc3 axb4 21.axb4 b5 22.e4 fxe4 23.Bxe4 Qf7
24.Bc2 Rfe8 25.Bd4 Qf8 26.g4 Rxa1 27.Rxa1 Ra8 28.Rxa8 Qxa8 29.f5 Qe8 30.f6 Qf7
31.Qg5 Bd8 32.h4 Be2 33.Kf2 Bc4 34.Ke1 Bc7 35.h5 Kh8 36.Bg6 Qf8 37.Be8 h6
38.Qxg7+ Qxg7 39.fxg7+ Kxg7 40.Bxc6 Kf7 41.Bd7 Bd8 42.c6  1-0

[Event "2nd Riga Tech Open"]
[Site "Riga LAT"]
[Date "2012.08.08"]
[Round "4.2"]
[White "Ehlvest,J"]
[Black "Collins,S IRL"]
[Result "1-0"]
[WhiteElo "2601"]
[BlackElo "2459"]

1.Nf3 d5 2.g3 c6 3.Bg2 Bg4 4.O-O Nd7 5.d3 Ngf6 6.c4 e6 7.cxd5 exd5 8.Qc2 Be7
9.e4 O-O 10.h3 Bh5 11.Nh4 Re8 12.Nc3 dxe4 13.dxe4 Nc5 14.g4 Nfd7 15.Nf5 Bg6
16.b4 Bxf5 17.exf5 Na6 18.a3 Nc7 19.Rd1 Qc8 20.g5 a5 21.Rb1 axb4 22.axb4 Na6
23.Na2 Qc7 24.f6 Bf8 25.Qf5 Rad8 26.Bf4 Qc8 27.fxg7 Bxg7 28.b5 Nac5 29.bxc6 bxc6
30.Bd6 Ne6 31.Nb4 c5 32.Nc6 Nd4 33.Nxd4 cxd4 34.Bb7 Qc3 35.Bb4 Qc7 36.Ba5 Qc5
37.Qxc5 Nxc5 38.Bxd8 Rxd8 39.Rb5 Nxb7 40.Rxb7 h6 41.gxh6 Bxh6 42.Rd3 Bg7
43.Kg2 Rd6 44.Rb5 Bf6 45.Kf3 Kg7 46.Kf4 Kg6 47.Rg3+ Kh6 48.Ke4 Bh4 49.Rf3 d3
50.Rxd3 Rxd3 51.Kxd3 Bxf2 52.Rf5  1-0

[Event "II Brazil Maringa Open"]
[Site "Maringa BRA"]
[Date "2012.08.09"]
[Round "3.25"]
[White "Aoyama,E"]
[Black "Aranha Filho,A"]
[Result "1-0"]
[WhiteElo "1915"]
[BlackElo "2292"]

1.Nf3 d5 2.g3 c5 3.Bg2 Nc6 4.d4 Nf6 5.O-O Bg4 6.c3 e6 7.Nbd2 cxd4 8.cxd4 Bd6
9.b3 Qb6 10.Bb2 O-O 11.h3 Bh5 12.e3 Rfc8 13.Qe2 Nb4 14.a3 Bxf3 15.Bxf3 Nc2
16.Ra2 Rc7 17.Qd3 Qa5 18.Qe2 Rac8 19.Nc4 dxc4 20.Qxc2 Nd5 21.bxc4 Rxc4 22.Qb3 Qc7
23.Kg2 a5 24.Raa1 a4 25.Qd3 b5 26.Rfc1 Bf8 27.e4 Nb6 28.Rab1 Qd7 29.Qe3 Rxc1
30.Bxc1 Nc4 31.Qd3 Ne5 32.Qe3 Nxf3 33.Kxf3 e5 34.dxe5 Qxh3 35.Bb2 Bc5 36.Bd4 Bxd4
37.Qxd4 h5 38.Rxb5 Qh1+ 39.Kf4 g5+ 40.Kxg5 Qf3 41.Qd7 Rf8 42.Qf5 Qxa3 43.Rb6 Re8
44.Rf6 Qc1+ 45.f4 Qg1 46.Kh6 Qa7 47.Qh7+ Kf8 48.Qg7+  1-0

[Event "Miguel Najdorf Open A"]
[Site "Warsaw POL"]
[Date "2012.08.09"]
[Round "4.14"]
[White "Przezdziecka,M"]
[Black "Jarmula,P"]
[Result "1-0"]
[WhiteElo "2276"]
[BlackElo "2180"]

1.Nf3 d5 2.g3 e6 3.Bg2 c5 4.O-O Nc6 5.d4 Nf6 6.c4 dxc4 7.Ne5 Nd5 8.Nxc6 bxc6
9.Na3 Be7 10.dxc5 Bxc5 11.Nxc4 O-O 12.a3 Ba6 13.Qc2 Bxc4 14.Qxc4 Qb6 15.b4 Bd4
16.Ra2 Rac8 17.e3 Bf6 18.Rc2 Qb5 19.Bd2 Nb6 20.Qa2 c5 21.bxc5 Rxc5 22.Rxc5 Qxc5
23.Bb4 Qc4 24.Qxc4 Nxc4 25.Bxf8 Kxf8 26.a4 a5 27.Bc6 Be7 28.Rc1 Ne5 29.Bb5 Bb4
30.Rc7 g6 31.Kg2 Kg7 32.h3 g5 33.Rb7 Kf8 34.f4 gxf4 35.exf4 Ng6 36.Bd3 Be1
37.Bxg6 hxg6 38.Kf3 Kg7 39.g4 Kf6 40.Ke4 Bd2 41.Ra7 Be1 42.Kd3 Bb4 43.h4 Be1
44.Ke4 Bc3 45.g5+ Kg7 46.Kd3 Be1 47.Ra8 Bb4 48.Kc4 Bd2 49.Kb5 Bxf4 50.Rxa5 Bg3
51.Kc4 Bxh4 52.Rc5  1-0

[Event "XIII Miquel Mas Open"]
[Site "Figueres ESP"]
[Date "2012.08.10"]
[Round "2.10"]
[White "Guilleux,F"]
[Black "Banos,O"]
[Result "1/2-1/2"]
[WhiteElo "2439"]
[BlackElo "2240"]

1.Nf3 d5 2.g3 Nf6 3.Bg2 e6 4.O-O Be7 5.d3 c5 6.Nbd2 Nc6 7.e4 b6 8.Re1 Bb7
9.e5 Nd7 10.h4 h6 11.h5 Qc7 12.Qe2 O-O-O 13.Nf1 Rdg8 14.c4 d4 15.Bh3 g6 16.Bg4 gxh5
17.Bxh5 Nd8 18.b4 Bg5 19.Ba3 f5 20.bxc5 bxc5 21.Rab1 Nb6 22.Rb5 Be7 23.Reb1 Qc6
24.N1d2 Rg5 25.Bxc5 Bxc5 26.Nb3 Na4 27.Na5 Nc3 28.Qb2 Qxb5 29.cxb5 Bd5 30.Rc1 Rxh5
31.Nh4 Rg8 32.Rxc3 dxc3 33.Qxc3 Rxh4 34.Qxc5+ Kb8 35.Kf1 Rh1+ 36.Ke2 Rb1
37.Qd6+ Ka8 38.Qa6 Kb8 39.Qd6+ Ka8 40.Qa6 Kb8 41.Qd6+  1/2-1/2

[Event "62nd ch-RUS w"]
[Site "Moscow RUS"]
[Date "2012.08.10"]
[Round "7"]
[White "Ubiennykh,E"]
[Black "Kosintseva,T"]
[Result "0-1"]
[WhiteElo "2367"]
[BlackElo "2530"]

1.Nf3 d5 2.g3 c6 3.Bg2 Bg4 4.O-O Nd7 5.d4 e6 6.Nbd2 Ngf6 7.Re1 Be7 8.e4 O-O
9.e5 Ne8 10.h3 Bh5 11.c4 Nc7 12.b3 c5 13.Ba3 Rc8 14.g4 Bg6 15.Re3 dxc4 16.bxc4 cxd4
17.Bxe7 Qxe7 18.Nxd4 Nc5 19.N2b3 Rfd8 20.Qe2 Nxb3 21.Nxb3 Na6 22.Rd1 Rxd1+
23.Qxd1 Rd8 24.Qe1 Nb4 25.Re2 Nd3 26.Qa5 b6 27.Qa4 h5 28.Qc6 hxg4 29.hxg4 Qg5
30.Qc7 Nf4 31.Rd2 Rxd2 32.Nxd2 Ne2+ 33.Kf1 Qxd2 34.Qd6 Nd4 35.Kg1 Qd1+ 36.Kh2 Qxg4
37.Qb8+ Kh7 38.Qxa7 Qf4+ 39.Kg1 Ne2+ 40.Kf1 Bd3 41.Ba8 Nd4+ 42.Kg2 Be4+ 43.Bxe4+ Qxe4+
44.Kg1 Nf3+ 45.Kf1 Nd2+ 46.Kg1 Qg4+  0-1

[Event "TCh-ESP CECLUB 2a Gp1 2012"]
[Site "Padron ESP"]
[Date "2012.08.10"]
[Round "4.1"]
[White "Paredes Galan,A"]
[Black "Fernandez Borrego,P"]
[Result "0-1"]
[WhiteElo "2351"]
[BlackElo "2340"]

1.Nf3 d5 2.g3 Nf6 3.Bg2 e6 4.O-O Be7 5.b3 b5 6.c4 bxc4 7.bxc4 O-O 8.Ne5 c6
9.Qa4 Qc7 10.d4 Nfd7 11.Bf4 Bd6 12.cxd5 exd5 13.Nxd7 Nxd7 14.Bxd6 Qxd6 15.Rc1 Bb7
16.Nd2 Nb6 17.Qa5 Bc8 18.Qc3 Bd7 19.a4 a5 20.Rcb1 Rfb8 21.e3 Bf5 22.Rc1 Qb4
23.Qxb4 axb4 24.a5 Nc4 25.Nb3 Kf8 26.Bf1 Ke7 27.a6 Rb6 28.f3 Rbxa6 29.Rxa6 Rxa6
30.Bxc4 dxc4 31.Rxc4 Rb6 32.Rc1 Be6 33.Rb1 Bxb3 34.Rxb3 Kd6 35.Kf2 Kd5 36.Ke2 Kc4
37.Rb1 Ra6 38.Kd1 Kc3 39.Rc1+ Kd3 40.Rb1 Ra2 41.Ke1 Kc3 42.e4 b3 43.d5 cxd5
44.exd5 Kc2  0-1